|
|
|
|
| LEADER |
01261nam a2200301 a 4500 |
| 001 |
0017154 |
| 003 |
BD-DhAAL |
| 008 |
090702s2000 enk b 001 0 eng d |
| 010 |
|
|
|a \\\00032212
|
| 020 |
|
|
|a 0415215226 (hbk)
|
| 020 |
|
|
|a 0415215234 (pbk.)
|
| 040 |
|
|
|a DLC
|c DLC
|d DLC
|d BD-DhAAL
|
| 082 |
0 |
0 |
|a 801.95092
|2 21
|
| 100 |
1 |
|
|a Roberts, Adam
|q (Adam Charles)
|9 58295
|
| 245 |
1 |
0 |
|a Fredric Jameson /
|c Adam Roberts.
|
| 260 |
|
|
|a London ;
|a New York :
|b Routledge,
|c 2000.
|
| 300 |
|
|
|a x, 164 p. ;
|c 21 cm
|
| 490 |
|
0 |
|a Routledge critical thinkers
|
| 500 |
|
|
|a "Works by and on Frederic Jameson": p. [153]-160.
|
| 504 |
|
|
|a Includes bibliographical references (p. [159]-160) and index.
|
| 526 |
|
|
|a ENH
|x Prof. Syed Manzoorul Islam
Faculty Member of BRAC University
|
| 541 |
1 |
|
|e 00017154
|a Friends' Book Corner
|
| 600 |
1 |
0 |
|a Jameson, Fredric.
|
| 650 |
|
0 |
|a Marxist criticism.
|
| 852 |
4 |
|
|a Ayesha Abed Library
|c General Stacks
|
| 942 |
|
|
|2 ddc
|c BK
|
| 999 |
|
|
|c 1986
|d 1986
|
| 952 |
|
|
|0 0
|1 0
|2 ddc
|4 0
|6 801_950920000000000_ROB
|7 0
|9 1823
|a BRACUL
|b BRACUL
|c GEN
|d 2009-07-02
|e Friends' Book Corner
|g 440.00
|l 2
|m 14
|o 801.95092 ROB
|p 3010017154
|r 2024-09-03
|s 2024-06-27
|t 1
|v 880.00
|w 2009-07-02
|y BK
|x Requisitioned by Prof. Syed Manzoorul Islam (Faculty Member of BRAC University).
|